T cell clones /

Bibliographic Details
Other Authors: Boehmer, Harald von, Haas, Werner
Format: Book
Language:English
Published: Amsterdam ; New York : Elsevier, 1985.
Series:Research monographs in immunology ; v. 8.
Subjects:

MARC

Tag First Indicator Second Indicator Subfields
LEADER 00000cam a2200000 a 4500
001 in00000410073
005 20151012051901.0
008 850208s1985 ne a b 00100 eng d
010 |a  85004331  
020 |a 0444806008 (U.S.) 
035 |a (OCoLC)11784112 
035 |9 ABT7994AM 
039 0 |a 2  |b 3  |c 3  |d 3  |e 3 
040 |a DNLM/DLC  |c DLC  |d TXA  |d UtOrBLW 
049 |a TXAM  |c [A09294548] 
050 0 0 |a QR185.8.L9  |b T23 1985 
060 0 |a W1 RE232GS v. 8  |a WH 200 T1105 
082 0 |a 616.07/9  |2 19 
245 0 0 |a T cell clones /  |c editors, Harald von Boehmer and Werner Haas. 
264 1 |a Amsterdam ;  |a New York :  |b Elsevier,  |c 1985. 
300 |a xv, 339 pages :  |b illustrations ;  |c 25 cm. 
336 |a text  |b txt  |2 rdacontent 
337 |a unmediated  |b n  |2 rdamedia 
338 |a volume  |b nc  |2 rdacarrier 
490 1 |a Research monographs in immunology ;  |v v. 8 
504 |a Includes bibliographies and index. 
650 0 |a T cells. 
650 0 |a Clone cells. 
650 2 |a Clone Cells. 
650 2 |a T-Lymphocytes. 
700 1 |a Boehmer, Harald von. 
700 1 |a Haas, Werner. 
830 0 |a Research monographs in immunology ;  |v v. 8. 
999 |a MARS 
999 f f |s ab20dcf1-80eb-3874-8f72-d3dc0d54b32c  |i 6fa5d4ad-1aa5-3ace-9905-5947b03210ec  |t 0 
952 f f |p ric  |a Texas A&M University  |b Rellis Campus  |c Joint Library Facility  |d Remote Storage  |t 0  |e QR185.8.L9 T23 1985  |h Library of Congress classification  |i unmediated -- volume  |m A14809294548 
998 f f |a QR185.8.L9 T23 1985  |t 0  |l Remote Storage